[Event "Tournament 14459 - Europe Echecs"]
[Site "Europe Echecs"]
[Date "2020.07.07"]
[Round "4"]
[Time "15:43:08"]
[PlyCount "158"]
[White "PonLeBrunGrego"]
[Black "AboulasseSaad"]
[WhiteElo "1145"]
[BlackElo "1448"]
[Mode "WEB"]
[Result "1-0"]

1. e4 c5 2. c3 Nf6 3. e5 Nd5 4. d4 cxd4 5. cxd4 Nc6 6. Nf3 d6 7. Nc3 Nxc3 8.
bxc3 Qa5 9. Qd3 dxe5 10. d5 e4 11. Qc4 exf3 12. dxc6 Be6 13. cxb7 Rb8 14. Qc6+
Bd7 15. Qxf3 e6 16. Be2 Rxb7 17. Bd2 Rb8 18. O-O Bd6 19. Bf4 Bxf4 20. Qxf4 O-O
21. Qd4 Rb2 22. Bd3 Bc6 23. Rfb1 Rxa2 24. Rxa2 Qxa2 25. Qh4 h6 26. Qc4 Qxc4 27.
Bxc4 a5 28. Ra1 a4 29. f3 Bd7 30. Rd1 Bc6 31. Kf2 Ra8 32. Ra1 Be8 33. Ke2 Kf8
34. Kd2 Ke7 35. Kc2 Kd6 36. g3 Kc5 37. Bd3 g5 38. c4 Kb4 39. Rb1+ Kc5 40. Kc3
Bc6 41. Be2 Ra7 42. Ra1 f5 43. Ra3 e5 44. Ra1 e4 45. fxe4 fxe4 46. Ra3 Ra6 47.
Ra2 Kd6 48. Kd4 Ra8 49. c5+ Kc7 50. Bc4 Rd8+ 51. Kc3 Rd1 52. Kc2 Rg1 53. Kc3
Rc1+ 54. Kb4 Rb1+ 55. Kc3 Rc1+ 56. Kb4 e3 57. Re2 Ra1 58. Rxe3 Rh1 59. Re2 Rd1
60. Re7+ Kd8 61. Re2 Rb1+ 62. Ka3 Ra1+ 63. Kb2 Rg1 64. Rd2+ Kc7 65. Rf2 Re1 66.
Rf5 Re4 67. Bd3 Rb4+ 68. Kc3 Rb3+ 69. Kc2 Rb4 70. Rf7+ Kb8 71. Rf8+ Kc7 72. Rf7+
Kd8 73. Rf1 a3 74. Ra1 Rb2+ 75. Kc3 Rxh2 76. Rxa3 Rh3 77. Ra6 Kc7 78. g4 Be4 79.
Rd6 {AboulasseSaad a perdu au temps} 1-0

[Event "Tournament 14459 - Europe Echecs"]
[Site "Europe Echecs"]
[Date "2020.07.07"]
[Round "4"]
[Time "15:43:08"]
[PlyCount "148"]
[White "SabapatheeFlor"]
[Black "AnseeuwEmma"]
[WhiteElo "1444"]
[BlackElo "1228"]
[Mode "WEB"]
[Result "1-0"]

1. c4 e5 2. g3 c6 3. d4 exd4 4. Qxd4 d5 5. cxd5 cxd5 6. Bg2 Nc6 7. Qxd5 Qxd5 8.
Bxd5 Nf6 9. Bg2 Be7 10. Nf3 O-O 11. O-O Nb4 12. Nc3 Nc2 13. Rb1 Nb4 14. a3 Nc6
15. Bf4 Bf5 16. Rbd1 Rfd8 17. Nh4 Rxd1 18. Rxd1 Bc2 19. Rd2 Bb3 20. Bg5 h6 21.
Bxf6 Bxf6 22. Rd7 Rb8 23. Nf5 Be6 24. Bxc6 bxc6 25. Ne7+ Bxe7 26. Rxe7 Bc4 27.
b4 a6 28. Rc7 Bb5 29. Nxb5 cxb5 30. Ra7 Rd8 31. Rxa6 Rd1+ 32. Kg2 Rd2 33. Kf3
Rd1 34. a4 bxa4 35. Rxa4 Rb1 36. Ra8+ Kh7 37. Rb8 Kg6 38. b5 Kf6 39. Rb7 Ke6 40.
e4 Kd6 41. Rxf7 g5 42. Rf6+ Ke5 43. Rxh6 Rb3+ 44. Kg4 Kxe4 45. b6 Rb4 46. Kxg5
Kf3 47. Rf6+ Kg2 48. h4 Kh3 49. h5 Rg4+ 50. Kf5 Rb4 51. h6 Rb5+ 52. Kg6 Kg4 53.
Rf4+ Kh3 54. b7 Rxb7 55. h7 Kg2 56. Rf7 Rb6+ 57. Kg7 Rb5 58. h8=Q Rg5+ 59. Kh6
Rb5 60. f4 Rb6+ 61. Rf6 Rb1 62. g4 Rh1+ 63. Kg7 Rxh8 64. Kxh8 Kg3 65. g5 Kg4 66.
g6 Kh5 67. g7 Kg4 68. g8=Q+ Kf3 69. Qg1 Ke4 70. Re6+ Kf5 71. Re5+ Kf6 72. Qg5+
Kf7 73. Re7+ Kf8 74. Qg7# {AnseeuwEmma est échec et mat} 1-0

[Event "Tournament 14459 - Europe Echecs"]
[Site "Europe Echecs"]
[Date "2020.07.07"]
[Round "4"]
[Time "15:43:08"]
[PlyCount "67"]
[White "BourloisMael"]
[Black "AlfanoEmilie"]
[WhiteElo "1113"]
[BlackElo "1407"]
[Mode "WEB"]
[Result "0-1"]

1. e4 e5 2. Bc4 Nf6 3. d3 Bc5 4. Nc3 c6 5. f4 d6 6. f5 O-O 7. Nf3 Re8 8. d4 exd4
9. Nxd4 Nxe4 10. O-O d5 11. Bb3 Qf6 12. Be3 Nxc3 13. bxc3 Rxe3 14. Qg4 Rxc3 15.
Rae1 Bxd4+ 16. Qxd4 Qxd4+ 17. Kh1 Bd7 18. Re2 Na6 19. Rfe1 Nc5 20. h3 Nxb3 21.
axb3 Qc5 22. Kh2 Rxc2 23. Re3 Qd6+ 24. Kg1 d4 25. Re4 d3 26. Kh1 d2 27. R1e2
d1=Q+ 28. Re1 Q1d2 29. R1e2 Qxe2 30. Rxe2 Rxe2 31. Kg1 Rae8 32. Kf1 Qf4+ 33. Kg1
Re1# {BourloisMael est échec et mat} 0-1

[Event "Tournament 14459 - Europe Echecs"]
[Site "Europe Echecs"]
[Date "2020.07.07"]
[Round "4"]
[Time "15:43:08"]
[PlyCount "73"]
[White "YastrebovAndre"]
[Black "LefrancoisJean"]
[WhiteElo "1370"]
[BlackElo "1038"]
[Mode "WEB"]
[Result "0-1"]

1. d4 d5 2. c4 e6 3. Nf3 c6 4. e3 Nf6 5. b3 Be7 6. Bb2 Nbd7 7. Bd3 h6 8. Nbd2 b6
9. Qc2 Bb7 10. O-O Rc8 11. e4 dxe4 12. Nxe4 c5 13. Nxf6+ Nxf6 14. Qe2 Bxf3 15.
Qxf3 cxd4 16. Rad1 Bc5 17. Be4 O-O 18. Rd3 e5 19. Re1 Re8 20. Bf5 Rc7 21. Be4
Rce7 22. Bc6 Rf8 23. Be4 Qc7 24. Qg3 Nxe4 25. Rxe4 f5 26. Re2 e4 27. Rd1 Qxg3
28. hxg3 d3 29. Red2 f4 30. gxf4 Rxf4 31. Bc3 e3 32. Rxd3 e2 33. Rd8+ Kh7 34.
Rc1 Rxf2 35. Kh2 Rf1 36. Re1 Bf2 {YastrebovAndre a abandonné} 0-1

[Event "Tournament 14459 - Europe Echecs"]
[Site "Europe Echecs"]
[Date "2020.07.07"]
[Round "4"]
[Time "15:43:08"]
[PlyCount "105"]
[White "NegreEmilie"]
[Black "NeelLaura"]
[WhiteElo "1438"]
[BlackElo "799"]
[Mode "WEB"]
[Result "1/2-1/2"]

1. d4 d5 2. c4 c6 3. Nc3 Nf6 4. Nf3 e6 5. e3 Be7 6. Qc2 Nbd7 7. b3 Nb6 8. Bb2
O-O 9. Bd3 dxc4 10. bxc4 Nbd7 11. e4 g6 12. a4 b6 13. Ba3 Bb7 14. Bxe7 Qxe7 15.
O-O Rad8 16. a5 Ra8 17. Rfb1 Rfd8 18. Qd2 c5 19. axb6 axb6 20. Rxa8 Rxa8 21. Qg5
Qd8 22. e5 Nh5 23. Qxd8+ Rxd8 24. Be4 Bxe4 25. Nxe4 cxd4 26. Rd1 Nc5 27. Nd6 Nf4
28. Kf1 d3 29. g3 Ne2 30. Ne1 Nc3 31. Rd2 N3e4 32. Nxe4 Nxe4 33. Rxd3 Rxd3 34.
Nxd3 Nc5 35. Nxc5 bxc5 36. Ke2 Kf8 37. Kd3 Ke7 38. Kc3 Kd7 39. Kb3 Kc7 40. Ka4
Kb6 41. Kb3 Ka5 42. Ka3 h6 43. f4 Kb6 44. h3 h5 45. h4 Ka6 46. Ka4 Kb6 47. Kb3
Kc6 48. Kc3 Kd7 49. Kb3 Kc6 50. Kc3 Kd7 51. Kd3 Ke7 52. Kc3 Kd7 {Nulle par répétition} 1/2-1/2

[Event "Tournament 14459 - Europe Echecs"]
[Site "Europe Echecs"]
[Date "2020.07.07"]
[Round "4"]
[Time "15:43:08"]
[PlyCount "139"]
[White "TurcuDavid"]
[Black "AllardNedellec"]
[WhiteElo "1056"]
[BlackElo "1292"]
[Mode "WEB"]
[Result "1/2-1/2"]

1. e4 e6 2. d4 d5 3. exd5 exd5 4. Nf3 Bd6 5. Nc3 c6 6. Bd3 h6 7. h3 Qf6 8. O-O
Ne7 9. Re1 Be6 10. Bd2 Nd7 11. Be3 g5 12. Ne2 g4 13. hxg4 Bxg4 14. Nh2 Rg8 15.
Nxg4 Rxg4 16. Ng3 Qg7 17. Bxh6 Qg8 18. Bf5 Rh4 19. Qd2 Bxg3 20. fxg3 Qxg3 21.
Qe2 Qh2+ 22. Kf2 Qd6 23. Bg5 Rf4+ 24. Bxf4 Qxf4+ 25. Kg1 Qxd4+ 26. Kh1 Qh4+ 27.
Bh3 Kd8 28. Qg4 Qxg4 29. Bxg4 Ng6 30. Re2 Kc7 31. Rf1 Rh8+ 32. Bh3 Nge5 33. Kg1
f6 34. Bxd7 Nxd7 35. Re7 Rf8 36. Rg7 Kd6 37. c3 Re8 38. b3 Re3 39. c4 d4 40. Rd1
d3 41. Kf2 Re2+ 42. Kf1 Ne5 43. Rxd3+ Nxd3 44. Kxe2 Nc1+ 45. Kd2 Nxa2 46. Rxb7
Kc5 47. Rxa7 Nb4 48. Rf7 Na6 49. Rxf6 Nc7 50. g4 Ne8 51. Rf5+ Kd6 52. Rf8 Ng7
53. g5 Ne6 54. g6 Nxf8 55. g7 Ne6 56. g8=Q Nc7 57. Qg6+ Kc5 58. Qg1+ Kd6 59.
Qg3+ Kd7 60. Kd3 Ne6 61. Qg4 Kd6 62. Qg3+ Kd7 63. Ke4 Nc5+ 64. Ke5 Kc7 65. Qg7+
Kb6 66. Kd6 Nb7+ 67. Ke5 Nc5 68. Kd6 Nb7+ 69. Ke5 Nc5 {Nulle par répétition} 1/2-1/2

[Event "Tournament 14459 - Europe Echecs"]
[Site "Europe Echecs"]
[Date "2020.07.07"]
[Round "4"]
[Time "15:43:08"]
[PlyCount "90"]
[White "NeyAlexandreYl"]
[Black "BernardInes"]
[WhiteElo "1115"]
[BlackElo "1250"]
[Mode "WEB"]
[Result "1-0"]

1. e4 e5 2. Nf3 Nc6 3. Nc3 Nf6 4. d3 Bb4 5. Bd2 d6 6. Be2 O-O 7. O-O Bg4 8. Bg5
h6 9. Bxf6 Qxf6 10. Nd5 Qe6 11. Nxc7 Qc8 12. Nxa8 Qxa8 13. c3 Ba5 14. b4 Bb6 15.
a4 Qc8 16. b5 Ne7 17. a5 Bc7 18. d4 exd4 19. cxd4 Qe6 20. Ng5 Bxe2 21. Nxe6 Bxd1
22. Nxf8 Kxf8 23. Raxd1 Ng6 24. Rc1 Bd8 25. Rc8 Ke8 26. Re1 Kd7 27. Rc2 Bf6 28.
Rd2 Ke6 29. d5+ Ke5 30. Rc2 Nf4 31. Rc7 Nd3 32. Re2 Nc5 33. a6 b6 34. Rxa7 Nxa6
35. bxa6 Bg5 36. Rxf7 Bf6 37. a7 Kd4 38. a8=Q Bd8 39. Qxd8 Kd3 40. Re3+ Kd2 41.
Qxb6 h5 42. Qd4+ Kc2 43. Rc7+ Kb1 44. Rb3+ Ka2 45. Qa4# {BernardInes est échec et mat} 1-0

[Event "Tournament 14459 - Europe Echecs"]
[Site "Europe Echecs"]
[Date "2020.07.07"]
[Round "4"]
[Time "15:43:08"]
[PlyCount "56"]
[White "TureshbayevAno"]
[Black "CerclierLeo"]
[WhiteElo "799"]
[BlackElo "1420"]
[Mode "WEB"]
[Result "1-0"]

1. e4 e5 2. Nf3 Nc6 3. Nc3 Bc5 4. Nxe5 Nxe5 5. d4 Nc6 6. dxc5 Nf6 7. Be2 O-O 8.
O-O d6 9. cxd6 cxd6 10. Bg5 Be6 11. f3 Ne5 12. f4 Nc6 13. Bb5 a6 14. Bxc6 bxc6
15. e5 Qb6+ 16. Kh1 dxe5 17. fxe5 Bg4 18. Qd3 Nd5 19. Nxd5 cxd5 20. b3 Be6 21.
Qg3 Bd7 22. Rf6 Qd4 23. Rff1 Qb6 24. Bf6 g6 25. Qg5 Bb5 26. Qh6 Qxf6 27. exf6
Bxf1 28. Qg7# {CerclierLeo est échec et mat} 1-0

[Event "Tournament 14459 - Europe Echecs"]
[Site "Europe Echecs"]
[Date "2020.07.07"]
[Round "4"]
[Time "15:43:08"]
[PlyCount "75"]
[White "KhantalinaIlar"]
[Black "SpagnoloLouis"]
[WhiteElo "1580"]
[BlackElo "1141"]
[Mode "WEB"]
[Result "0-1"]

1. e4 c5 2. Nf3 e6 3. Nc3 Nf6 4. d3 Nc6 5. Be2 d5 6. Bd2 g6 7. O-O Bg7 8. Qc1
O-O 9. Bh6 d4 10. Bxg7 Kxg7 11. Na4 b6 12. b3 Bd7 13. Nb2 Qe7 14. Nc4 b5 15.
Nce5 Nxe5 16. Nxe5 Qd6 17. Nf3 Ng4 18. g3 Ne5 19. Nxe5 Qxe5 20. Bf3 Bc6 21. Bg2
Qc7 22. a4 bxa4 23. bxa4 Qa5 24. Qa3 Qb4 25. Rfb1 Qc3 26. Rb3 Qxc2 27. Rc1 Qe2
28. Rb2 Qh5 29. Rxc5 Qd1+ 30. Bf1 f5 31. Rxc6 fxe4 32. dxe4 Qe1 33. Rb7+ Kh6 34.
Rxh7+ Kxh7 35. Rc7+ Kh6 36. Qe7 Qxf2+ 37. Kh1 Qxf1# {KhantalinaIlar est échec et mat} 0-1

[Event "Tournament 14459 - Europe Echecs"]
[Site "Europe Echecs"]
[Date "2020.07.07"]
[Round "4"]
[Time "15:43:08"]
[PlyCount "85"]
[White "VirgoNathan"]
[Black "FischlerInes"]
[WhiteElo "1560"]
[BlackElo "1129"]
[Mode "WEB"]
[Result "0-1"]

1. e4 e5 2. Nf3 Nc6 3. Bc4 Bc5 4. d3 d6 5. Nc3 Bg4 6. h3 Bh5 7. Nd5 Nd4 8. Be3
Nxf3+ 9. gxf3 c6 10. Bxc5 cxd5 11. Bb5+ Ke7 12. Ba3 dxe4 13. dxe4 Nf6 14. Bd3 a6
15. Rg1 Bg6 16. c4 Re8 17. b4 Kf8 18. c5 dxc5 19. bxc5 Kg8 20. Qb3 h6 21. Bc4
Bh5 22. Rd1 Qc7 23. Qa4 Bxf3 24. Rd3 Bh5 25. Bb4 Nxe4 26. Rd7 Qc8 27. Bxf7+ Bxf7
28. Ba5 Nxc5 29. Qd1 Nxd7 30. Qg4 g5 31. h4 Nf6 32. Qg3 Bd5 33. hxg5 Qg4 34.
gxf6 Qxg3 35. Rxg3+ Kf7 36. Bc3 Bxa2 37. Re3 Kxf6 38. f4 Kf5 39. Re2 Bd5 40. Re3
Re7 41. Re2 Rae8 42. Re3 Bc4 {VirgoNathan a perdu au temps} 0-1

[Event "Tournament 14459 - Europe Echecs"]
[Site "Europe Echecs"]
[Date "2020.07.07"]
[Round "4"]
[Time "15:43:08"]
[PlyCount "59"]
[White "DaghsenAdem"]
[Black "TurchiMatteo"]
[WhiteElo "1400"]
[BlackElo "1129"]
[Mode "WEB"]
[Result "0-1"]

1. e4 e5 2. Nf3 Nc6 3. Bb5 a6 4. Bxc6 dxc6 5. Nxe5 Qd4 6. Ng4 Qxe4+ 7. Ne3 Bc5
8. d3 Qe7 9. O-O Nf6 10. Nc3 O-O 11. Nc4 Re8 12. Bd2 Be6 13. Re1 Qd7 14. Ne5 Qd6
15. Ne4 Qxe5 16. Nxc5 Qxc5 17. Qf3 Qd5 18. Qg3 Qf5 19. Re5 Qg4 20. Qe3 Bd5 21.
Rg5 Rxe3 22. Rxg4 Re2 23. Bf4 Nxg4 24. Bxc7 Rxf2 25. Be5 Rxg2+ 26. Kf1 Nxe5 27.
d4 Ng4 28. Rd1 Re8 29. c4 Nxh2# {DaghsenAdem est échec et mat} 0-1

[Event "Tournament 14459 - Europe Echecs"]
[Site "Europe Echecs"]
[Date "2020.07.07"]
[Round "4"]
[Time "15:43:08"]
[PlyCount "89"]
[White "DinoniAttaliMy"]
[Black "BarbaggiSasha"]
[WhiteElo "1129"]
[BlackElo "1375"]
[Mode "WEB"]
[Result "0-1"]

1. d4 Nf6 2. c4 d6 3. Nc3 Nbd7 4. Nf3 e5 5. e4 a5 6. Be3 exd4 7. Nxd4 Nc5 8. Bd3
Nxd3+ 9. Qxd3 Be7 10. O-O O-O 11. Rac1 b6 12. Nc6 Qd7 13. Nd4 Bb7 14. Ndb5 Qc6
15. f3 Nd7 16. Rfd1 Ne5 17. Qd4 Qxc4 18. Qxc4 Nxc4 19. Bf4 Nxb2 20. Rf1 Nd3 21.
g3 Nxc1 22. Rxc1 Bf6 23. Nxc7 Rac8 24. Bxd6 Rfd8 25. e5 Bg5 26. f4 Bh6 27. Be7
Rd7 28. Bd6 Rdxc7 29. Bxc7 Rxc7 30. Kf2 g5 31. f5 Bf8 32. f6 Bb4 33. Ke1 Bxc3+
34. Rxc3 Rxc3 35. Kd2 Ra3 36. Kc2 Kf8 37. Kb2 Rf3 38. Kc2 Ke8 39. Kd2 Kd7 40.
Ke2 Ke6 41. g4 Ra3 42. Kd2 Kxe5 43. Kc2 Kd4 44. Kb2 Rf3 {DinoniAttaliMy a abandonné} 0-1

[Event "Tournament 14459 - Europe Echecs"]
[Site "Europe Echecs"]
[Date "2020.07.07"]
[Round "4"]
[Time "15:43:08"]
[PlyCount "121"]
[White "KiyendeLibataE"]
[Black "SurCortierColi"]
[WhiteElo "1360"]
[BlackElo "1128"]
[Mode "WEB"]
[Result "1/2-1/2"]

1. e4 e5 2. Nf3 Nc6 3. Nc3 Nf6 4. a3 Be7 5. Be2 O-O 6. O-O d5 7. exd5 Nxd5 8.
Nxd5 Qxd5 9. b3 Bg4 10. c4 Qe6 11. Ng5 Bxg5 12. Bxg4 Qe7 13. a4 Rad8 14. Re1 Nb4
15. d4 Rxd4 16. Qxd4 exd4 17. Rxe7 Bxe7 18. Bb2 d3 19. h3 Rd8 20. Rd1 d2 21. Bc3
a5 22. Bxd2 Bg5 23. Bxg5 Rxd1+ 24. Bxd1 f6 25. Bd2 Kf7 26. Bxb4 axb4 27. Kf1 Ke6
28. Ke2 Ke5 29. Kf3 Kd4 30. Ke2 f5 31. Kd2 g5 32. Bc2 f4 33. Bxh7 c5 34. Kc2 b6
35. Bf5 Ke5 36. Bg4 Ke4 37. f3+ Ke3 38. Kd1 Kd3 39. Bf5+ Kc3 40. Bc2 Kb2 41. Kd2
Ka3 42. Kd3 Ka2 43. Bd1 Kb2 44. Bc2 Ka3 45. Kd2 Kb2 46. Bd1 Ka3 47. Kc2 Ka2 48.
Be2 Ka3 49. Bd1 Ka2 50. h4 gxh4 51. Kd2 Kb2 52. Kd3 Kc1 53. Bc2 Kb2 54. Kd2 Ka3
55. Kc1 Ka2 56. Bd1 Ka3 57. Kc2 Ka2 58. Kd3 Kb2 59. Kd2 Ka3 60. Kc2 Ka2 {Nulle par répétition} 1/2-1/2

[Event "Tournament 14459 - Europe Echecs"]
[Site "Europe Echecs"]
[Date "2020.07.07"]
[Round "4"]
[Time "15:43:08"]
[PlyCount "69"]
[White "RachidNatalia"]
[Black "GalimovIskanda"]
[WhiteElo "1131"]
[BlackElo "1358"]
[Mode "WEB"]
[Result "0-1"]

1. e4 e5 2. Nf3 Nc6 3. d4 exd4 4. Bc4 Nf6 5. e5 d5 6. Bb5 Nd7 7. Bxc6 bxc6 8.
Nxd4 Nxe5 9. O-O Bd6 10. Re1 O-O 11. Nc3 Ng4 12. h3 Ne5 13. Bd2 Bd7 14. b3 Bc5
15. Nf3 Ng6 16. Ne5 Nxe5 17. Rxe5 Bd4 18. Re1 Qf6 19. a4 Bxc3 20. Bxc3 Qxc3 21.
Rc1 Rfe8 22. Rxe8+ Rxe8 23. Qh5 Re1+ 24. Rxe1 Qxe1+ 25. Kh2 h6 26. Qh4 Qe5+ 27.
Kg1 Bf5 28. g4 Bxc2 29. Qd8+ Kh7 30. Qh4 Bxb3 31. a5 Qe1+ 32. Kg2 d4 33. Qd8
Bd5+ 34. Kh2 Qxf2# {RachidNatalia est échec et mat} 0-1

[Event "Tournament 14459 - Europe Echecs"]
[Site "Europe Echecs"]
[Date "2020.07.07"]
[Round "4"]
[Time "15:43:08"]
[PlyCount "66"]
[White "CastagnerolCer"]
[Black "CortadellasJul"]
[WhiteElo "1332"]
[BlackElo "1114"]
[Mode "WEB"]
[Result "1-0"]

1. d4 d5 2. c4 e6 3. Nf3 Nf6 4. g3 Nc6 5. Bg2 b6 6. O-O Bb7 7. cxd5 exd5 8. Nc3
Bb4 9. Bd2 Bxc3 10. Bxc3 O-O 11. Qc2 Re8 12. e3 Ne7 13. Rac1 Ng6 14. Qd3 Rc8 15.
Rc2 c5 16. Rfc1 c4 17. Qd2 Ne4 18. Qe2 Nxc3 19. Rxc3 Ba6 20. Qc2 b5 21. Qb1 Ne7
22. b3 Nc6 23. Qc2 Nb4 24. Qb1 Re6 25. bxc4 Nc6 26. cxd5 Qxd5 27. Bh3 f5 28. Bg2
Qd7 29. Qxf5 Rf8 30. Qc2 Nb4 31. Qb3 Qe7 32. Ng5 Qxg5 33. Qxe6+ {CortadellasJul a abandonné} 1-0

[Event "Tournament 14459 - Europe Echecs"]
[Site "Europe Echecs"]
[Date "2020.07.07"]
[Round "4"]
[Time "15:43:08"]
[PlyCount "70"]
[White "BelliniMatteo"]
[Black "OliveiraMateo"]
[WhiteElo "1098"]
[BlackElo "1317"]
[Mode "WEB"]
[Result "1-0"]

1. e4 e5 2. Nf3 Nc6 3. Bb5 Bc5 4. d3 Nf6 5. Nxe5 Nxe5 6. d4 Bd6 7. dxe5 Bxe5 8.
f4 Bd6 9. e5 Qe7 10. Qe2 Bb4+ 11. c3 Nd5 12. cxb4 Nxb4 13. Bd2 Nc2+ 14. Kd1 Nxa1
15. b3 O-O 16. Bc3 c6 17. Bd3 Nxb3 18. axb3 d5 19. Qh5 h6 20. f5 f6 21. exf6
Rxf6 22. Bxf6 Qxf6 23. Qe8+ Qf8 24. Qxf8+ Kxf8 25. Re1 Bd7 26. g4 g6 27. fxg6
Bxg4+ 28. Kd2 Re8 29. g7+ Kf7 30. Rxe8 Kxe8 31. g8=Q+ Kd7 32. Qxg4+ Kc7 33. Nc3
Kb8 34. Qf4+ Ka8 35. Qf8# {OliveiraMateo est échec et mat} 1-0

[Event "Tournament 14459 - Europe Echecs"]
[Site "Europe Echecs"]
[Date "2020.07.07"]
[Round "4"]
[Time "15:43:08"]
[PlyCount "46"]
[White "MaisonhauteEle"]
[Black "ContieLilio"]
[WhiteElo "1088"]
[BlackElo "1315"]
[Mode "WEB"]
[Result "1-0"]

1. e4 d5 2. exd5 Qxd5 3. Nc3 Qa5 4. Bc4 Nf6 5. Nge2 Bf5 6. O-O e6 7. d3 Nbd7 8.
Bf4 Be7 9. d4 O-O 10. a3 c6 11. b4 Qd8 12. Rb1 Nb6 13. Bd3 Bxd3 14. Qxd3 Nbd5
15. Qg3 Nxf4 16. Nxf4 Bd6 17. Qg5 Qc7 18. Nce2 Ne4 19. Qg4 Nd2 20. Nh5 f5 21.
Qg5 Nxf1 22. Rxf1 Be7 23. Qxg7# {ContieLilio est échec et mat} 1-0

[Event "Tournament 14459 - Europe Echecs"]
[Site "Europe Echecs"]
[Date "2020.07.07"]
[Round "4"]
[Time "15:43:08"]
[PlyCount "90"]
[White "DavoustNicolas"]
[Black "BildsteinNolan"]
[WhiteElo "1300"]
[BlackElo "1111"]
[Mode "WEB"]
[Result "1-0"]

1. e4 e5 2. Nf3 Nc6 3. Bc4 Nf6 4. Ng5 d5 5. exd5 Na5 6. Bb5+ c6 7. dxc6 bxc6 8.
Be2 h6 9. Nf3 e4 10. Ne5 Bd6 11. Nc4 Ba6 12. Nxd6+ Qxd6 13. Bxa6 O-O 14. O-O
Rfe8 15. Nc3 Re5 16. d4 Rh5 17. h3 Nd5 18. Qxh5 Nxc3 19. bxc3 Qd5 20. Qxd5 cxd5
21. f3 Rd8 22. fxe4 dxe4 23. Rb1 Nc6 24. Bc4 Rf8 25. Ba3 Rc8 26. Bxf7+ Kh7 27.
Be6 Rc7 28. Bf5+ g6 29. Bxe4 Nd8 30. Bb4 Nc6 31. Bxc6 Rxc6 32. Rf7+ Kg8 33. Rxa7
Rc8 34. Re1 Rd8 35. Ree7 Rc8 36. Rac7 Rd8 37. Ba5 Rb8 38. Rg7+ Kf8 39. Rcf7+ Ke8
40. Re7+ Kf8 41. Bb4 Rxb4 42. cxb4 h5 43. Ra7 h4 44. Rgb7 Ke8 45. Rb8# {BildsteinNolan est échec et mat} 1-0

[Event "Tournament 14459 - Europe Echecs"]
[Site "Europe Echecs"]
[Date "2020.07.07"]
[Round "4"]
[Time "15:43:08"]
[PlyCount "111"]
[White "ColinPenelope"]
[Black "HammRodrigue"]
[WhiteElo "1290"]
[BlackElo "1109"]
[Mode "WEB"]
[Result "0-1"]

1. e4 c5 2. Bc4 Nc6 3. Nf3 d6 4. Nc3 a6 5. d3 b5 6. Bd5 Bb7 7. Ng5 e6 8. Bxc6+
Bxc6 9. Qf3 Nf6 10. O-O Be7 11. b3 O-O 12. Qh3 b4 13. Na4 Bxa4 14. bxa4 h6 15.
Nf3 d5 16. Qg3 Kh8 17. Ne5 Bd6 18. Bb2 dxe4 19. dxe4 Bxe5 20. Qxe5 Qe7 21. g4
Rg8 22. g5 Nd7 23. Qg3 Qxg5 24. Qxg5 hxg5 25. Kh1 c4 26. Rg1 f6 27. c3 Rab8 28.
cxb4 Rxb4 29. Bc3 Rxa4 30. Rad1 Nc5 31. e5 fxe5 32. Bxe5 Ne4 33. Rdf1 Rxa2 34.
f3 Nf2+ 35. Kg2 Nd3+ 36. Kh1 Nxe5 37. Rxg5 Nf7 38. Rh5+ Nh6 39. Re1 Rf8 40. Rf1
Rd8 41. Rg1 Rdd2 42. f4 Kg8 43. Rxh6 Kf7 44. Rh7 Ke8 45. Rgxg7 Rd1+ 46. Rg1
Rxg1+ 47. Kxg1 c3 48. Rh8+ Kf7 49. Rc8 c2 50. Kf2 c1=Q+ 51. Kg3 Qxc8 52. Kg4
Rg2+ 53. Kf3 Qc6+ 54. Ke3 Qc3+ 55. Ke4 Re2# {ColinPenelope est échec et mat} 0-1

[Event "Tournament 14459 - Europe Echecs"]
[Site "Europe Echecs"]
[Date "2020.07.07"]
[Round "4"]
[Time "15:43:08"]
[PlyCount "96"]
[White "MigusEthan"]
[Black "StrieviLeonie"]
[WhiteElo "1084"]
[BlackElo "1280"]
[Mode "WEB"]
[Result "1-0"]

1. e4 e5 2. Nf3 Nc6 3. Bc4 Nf6 4. Nc3 Nxe4 5. Nxe4 d5 6. Bd3 dxe4 7. Bxe4 Bg4 8.
O-O Nd4 9. Bxb7 Rb8 10. Be4 f5 11. Bxf5 Nxf3+ 12. gxf3 Bxf5 13. d3 Bh3 14. Re1
Bd6 15. d4 O-O 16. dxe5 Bc5 17. Qxd8 Rbxd8 18. Bg5 Rd5 19. f4 h6 20. Bh4 Rxf4
21. Bg3 Rg4 22. e6 Rd2 23. e7 Bxe7 24. Rxe7 Rgd4 25. f3 Rg2+ 26. Kh1 Rgd2 27.
Kg1 Rxc2 28. Be5 Rg2+ 29. Kh1 Rdd2 30. Rg1 Rxh2+ 31. Bxh2 Bg2+ 32. Rxg2 Rd1+ 33.
Rg1 Rd2 34. Rgxg7+ Kf8 35. Ref7+ Ke8 36. Bxc7 Rd1+ 37. Kg2 Rd2+ 38. Kg3 Rc2 39.
Re7+ Kf8 40. Rgf7+ Kg8 41. Rf4 Rc6 42. Be5 Rg6+ 43. Rg4 Rxg4+ 44. Kxg4 Kf8 45.
Rxa7 Ke8 46. Kf5 Kf8 47. Ke6 Ke8 48. Ra8# {StrieviLeonie est échec et mat} 1-0

[Event "Tournament 14459 - Europe Echecs"]
[Site "Europe Echecs"]
[Date "2020.07.07"]
[Round "4"]
[Time "15:43:08"]
[PlyCount "54"]
[White "LuxOceane"]
[Black "ThibousMael"]
[WhiteElo "1273"]
[BlackElo "1094"]
[Mode "WEB"]
[Result "1-0"]

1. e4 e5 2. Nf3 Nf6 3. Nxe5 d6 4. Nf3 Nxe4 5. d3 Nf6 6. Nc3 Nc6 7. Be2 Be7 8.
O-O O-O 9. Bg5 Re8 10. Re1 Be6 11. h3 d5 12. d4 Ne4 13. Bxe7 Nxc3 14. Qd2 Ne4
15. Qd3 Qxe7 16. c3 Bf5 17. Qd1 Qd7 18. Bf1 Nf6 19. Rxe8+ Rxe8 20. Qd2 Bxh3 21.
gxh3 Qxh3 22. Bxh3 Ne4 23. Qc2 Nf6 24. Kg2 b6 25. Qa4 Nb8 26. Qxa7 Nc6 27. Qxc7 {ThibousMael a abandonné} 1-0

[Event "Tournament 14459 - Europe Echecs"]
[Site "Europe Echecs"]
[Date "2020.07.07"]
[Round "4"]
[Time "15:43:08"]
[PlyCount "77"]
[White "OuadiSammy"]
[Black "MimouneKenzi"]
[WhiteElo "1080"]
[BlackElo "1266"]
[Mode "WEB"]
[Result "0-1"]

1. d4 d5 2. c4 e6 3. Nc3 Nf6 4. Nf3 Bb4 5. Bg5 Bxc3+ 6. bxc3 O-O 7. e3 h6 8. Bh4
Nbd7 9. Bd3 c6 10. O-O Qa5 11. Qc2 Qc7 12. Rfe1 b6 13. Bg3 Qd8 14. Bh4 Qe8 15.
cxd5 cxd5 16. c4 Bb7 17. h3 Rc8 18. Qe2 dxc4 19. Bxc4 Bxf3 20. gxf3 Nh7 21. f4
Ndf6 22. Bd3 Qd7 23. Rac1 Nd5 24. Be4 f5 25. Bd3 Qf7 26. a3 Qg6+ 27. Kh2 Qf7 28.
Rc2 Rxc2 29. Qxc2 Qh5 30. Bg3 g5 31. fxg5 hxg5 32. Qc6 Qh6 33. e4 f4 34. exd5
fxg3+ 35. Kxg3 Qh4+ 36. Kg2 Rxf2+ 37. Kg1 Qg3+ 38. Kh1 Qh2# {OuadiSammy est échec et mat} 0-1

[Event "Tournament 14459 - Europe Echecs"]
[Site "Europe Echecs"]
[Date "2020.07.07"]
[Round "4"]
[Time "15:43:08"]
[PlyCount "56"]
[White "MenceEline"]
[Black "MindeTimothe"]
[WhiteElo "1264"]
[BlackElo "1075"]
[Mode "WEB"]
[Result "1-0"]

1. d4 d5 2. Bf4 e6 3. e3 c5 4. c3 Nc6 5. Nf3 cxd4 6. exd4 Bd6 7. Bg3 Nge7 8. Bd3
b6 9. Nbd2 Bb7 10. Ne5 Nxe5 11. dxe5 Bc7 12. f4 Ng6 13. Bb5+ Ke7 14. Qb3 d4 15.
Qb4+ Bd6 16. exd6+ Kf6 17. Qxd4+ e5 18. fxe5+ Ke6 19. Qg4+ f5 20. exf6+ Kxf6 21.
O-O+ Nf4 22. Rxf4+ Ke5 23. Rd4+ Kf6 24. Rf4+ Ke5 25. Re1+ Kd5 26. Qe6+ Kc5 27.
Rf5+ Bd5 28. Qxd5# {MindeTimothe est échec et mat} 1-0

[Event "Tournament 14459 - Europe Echecs"]
[Site "Europe Echecs"]
[Date "2020.07.07"]
[Round "4"]
[Time "15:43:08"]
[PlyCount "143"]
[White "RoganovaMaxime"]
[Black "ZadoyanGurgen"]
[WhiteElo "1082"]
[BlackElo "1256"]
[Mode "WEB"]
[Result "0-1"]

1. e4 c5 2. Nf3 d6 3. d4 cxd4 4. Nxd4 Nf6 5. Nc3 Nc6 6. Bb5 Bd7 7. Bxc6 Bxc6 8.
Nxc6 bxc6 9. Be3 g6 10. Qd2 Bg7 11. f3 O-O 12. O-O-O a5 13. Bh6 Rb8 14. Bxg7
Kxg7 15. h4 Qb6 16. b3 Qb4 17. Kb1 a4 18. h5 Rh8 19. hxg6 hxg6 20. Rxh8 Rxh8 21.
Nxa4 Qb7 22. g4 c5 23. Nc3 Rh3 24. Rf1 Qa6 25. Qg2 Rh8 26. g5 Nh5 27. Rh1 Nf4
28. Qf1 Qa5 29. Rxh8 Kxh8 30. Na4 Qd2 31. Kb2 Nh5 32. Qd3 Qxg5 33. Nc3 Nf4 34.
Qe3 Qe5 35. a4 Ne6 36. Ka2 Nd4 37. f4 Qe6 38. Kb2 f5 39. e5 Nc6 40. Qh3+ Kg7 41.
exd6 Qxd6 42. Qe3 c4 43. Nb5 Qf6+ 44. Qc3 Qxc3+ 45. Kxc3 cxb3 46. cxb3 Kf6 47.
Nd4 Nb8 48. a5 e5 49. fxe5+ Kxe5 50. b4 f4 51. b5 Kd5 52. a6 Nd7 53. a7 Nb6 54.
Nc6 f3 55. Kd2 Kc5 56. Ke3 Kxb5 57. Nd4+ Ka6 58. Nc6 Kb7 59. Nd4 f2 60. Kf3
f1=Q+ 61. Kg3 Kxa7 62. Nc6+ Kb7 63. Nd4 Qg1+ 64. Kf3 Qxd4 65. Kg3 g5 66. Kf3
Qf4+ 67. Kg2 g4 68. Kg1 Qd2 69. Kh1 Nd5 70. Kg1 Ne3 71. Kh1 Qg2# {RoganovaMaxime est échec et mat} 0-1